[Event "Bad Pyrmont Pape op-B 2nd"]
[Site "Bad Pyrmont"]
[Date "2023.08.11"]
[Round "2"]
[White "Pither, Joerg"]
[Black "Kraeuter, Paavo Alexander"]
[Result "0-1"]
[WhiteElo "1557"]
[BlackElo "1779"]
[PlyCount "76"]
[EventDate "2023.08.10"]
[EventType "swiss"]
[EventCountry "GER"]
[SourceTitle "EXT 2024"]
[Source "ChessBase"]
[SourceDate "2023.10.10"]
[SourceVersion "1"]
[SourceVersionDate "2023.10.10"]
[SourceQuality "1"]

1. d4 Nf6 2. c4 e6 3. Nc3 Bb4 4. a3 Bxc3+ 5. bxc3 b6 6. f3 Nc6 7. e4 Na5 8. Bg5 h6 9. Bh4 d6 10. Bd3 e5 11. Ne2 Ba6 12. 0-0 0-0 13. f4 Re8 14. fxe5 dxe5 15. Bxf6 gxf6 16. d5 Kh7 17. Ng3 Rg8 18. Qf3 Rg6 19. Nh5 Qe7 20. Nxf6+ Kh8 21. Ra2 Bxc4 22. Raf2 Rf8 23. Bxc4 Nxc4 24. Qf5 Ne3 25. Qd7 Qxd7 26. Nxd7 Rfg8 27. Nxe5 Rxg2+ 28. Rxg2 Rxg2+ 29. Kh1 Rxh2+ 30. Kxh2 Nxf1+ 31. Kh3 Nd2 32. Nxf7+ Kg7 33. d6 cxd6 34. Nxd6 Nb1 35. Nc8 Nxc3 36. Nxa7 Nxe4 37. Nb5 Kg6 38. Kh4 Nc5 0-1

[Event "Hannover Bezirks op"]
[Site "Hannover"]
[Date "2020.03.07"]
[Round "4.4"]
[White "Kettner Nikolaus, Frank"]
[Black "Kraeuter, Paavo Alexander"]
[Result "1/2-1/2"]
[WhiteElo "1950"]
[BlackElo "1664"]
[PlyCount "140"]
[EventDate "2020.01.25"]
[EventType "swiss"]
[EventRounds "7"]
[EventCountry "GER"]
[SourceTitle "EXT 2023"]
[Source "ChessBase"]
[SourceDate "2022.10.05"]
[SourceVersion "1"]
[SourceVersionDate "2022.10.05"]
[SourceQuality "1"]

1. f4 d5 2. Nf3 g6 3. g3 Bg7 4. Bg2 b6 5. 0-0 Bb7 6. c3 Nf6 7. d3 0-0 8. Na3 c5 9. Nc2 Nc6 10. Qe1 Qc7 11. e4 dxe4 12. dxe4 Ba6 13. Rf2 Bd3 14. Nh4 Rad8 15. Bf3 e5 16. f5 Ne7 17. g4 h6 18. fxg6 Nxg6 19. Nxg6 fxg6 20. g5 hxg5 21. Bxg5 Rd6 22. Qe3 Nh5 23. Bxh5 Rxf2 24. Qxf2 gxh5 25. Re1 Qd7 26. Qg2 Bxc2 27. Qxc2 Qg4+ 28. Qg2 Qxg2+ 29. Kxg2 Rg6 30. h4 Bf6 31. Kh3 Kf7 32. Rf1 Ke6 33. Rf5 Bg7 34. b3 Bh6 35. c4 Bg7 36. a3 Bh6 37. b4 Bg7 38. bxc5 bxc5 39. a4 a5 40. Rf1 Bf6 41. Rf5 Bg7 42. Rf3 Bf6 43. Rg3 Be7 44. Kg2 Bd6 45. Bd8 Rxg3+ 46. Kxg3 Kd7 47. Bxa5 Bc7 48. Bd2 Kc6 49. Kf3 Kb7 50. Ke2 Ka6 51. Kd3 Ba5 52. Bg5 Be1 53. Bf6 Bg3 54. Be7 Bf2 55. Bd8 Bg1 56. Bc7 Bd4 57. Kc2 Kb7 58. Bd8 Ka6 59. Kb3 Bf2 60. a5 Bd4 61. Ka4 Bc3 62. Be7 Bxa5 63. Bxc5 Be1 64. Be7 Kb6 65. Kb3 Kc6 66. Ka4 Bc3 67. c5 Be1 68. Kb3 Bf2 69. Kc4 Bd4 70. Bd6 Bb2 1/2-1/2

[Event "Hannover Bezirks-ch B"]
[Site "Lehrte"]
[Date "2019.10.05"]
[Round "6.2"]
[White "Danisch, Garvin"]
[Black "Kraeuter, Paavo Alexander"]
[Result "1-0"]
[WhiteElo "1525"]
[BlackElo "1655"]
[PlyCount "117"]
[EventDate "2019.10.03"]
[EventType "swiss"]
[EventRounds "7"]
[EventCountry "GER"]
[SourceTitle "EXT 2023"]
[Source "ChessBase"]
[SourceDate "2022.10.05"]
[SourceVersion "1"]
[SourceVersionDate "2022.10.05"]
[SourceQuality "1"]

1. c4 e5 2. Nc3 Nf6 3. g3 Bb4 4. Bg2 0-0 5. e3 c6 6. Nge2 d5 7. cxd5 cxd5 8. d4 e4 9. 0-0 Nc6 10. a3 Be7 11. Nf4 Be6 12. Bd2 Qd7 13. Rc1 Rac8 14. Nxe6 fxe6 15. f4 Bd6 16. Nb5 Bb8 17. b4 Ne7 18. Qe2 Nf5 19. Bh3 a6 20. Nc3 Rc4 21. Na2 Rfc8 22. Rxc4 Rxc4 23. Rc1 b5 24. Bf1 Nd6 25. Qd1 Rxc1 26. Bxc1 Qc6 27. Be2 Nc4 28. Qc2 Nd7 29. Bxc4 Qxc4 30. Qxc4 bxc4 31. Nc3 Kf7 32. Kf2 Nb6 33. Ke2 Ke7 34. Kf2 Kd7 35. Ke2 Kc6 36. Kd2 Nd7 37. Ke2 Bc7 38. Kf2 Nb6 39. Ke2 Nc8 40. Kd2 Na7 41. Kc2 a5 42. Na4 axb4 43. axb4 Nb5 44. Nc5 Kd6 45. Nb7+ Ke7 46. Nc5 Nd6 47. Bd2 Kf7 48. Be1 Bd8 49. Kd2 g5 50. Ke2 gxf4 51. gxf4 Kf6 52. Bh4+ Kf5 53. Bxd8 Nb5 54. Bh4 Nc7 55. Be1 Nb5 56. Na4 Nd6 57. Nc3 Nc8 58. b5 Kg4 59. Na4 1-0

[Event "Daehne Cup Region 16/17 qual V+"]
[Site "Hannover"]
[Date "2017.07.27"]
[Round "5"]
[White "Kiesewetter, Oliver"]
[Black "Kraeuter, Paavo Alexander"]
[Result "1-0"]
[WhiteElo "1839"]
[BlackElo "1758"]
[PlyCount "81"]
[EventDate "2017.07.13"]
[EventType "swiss"]
[EventRounds "5"]
[EventCountry "GER"]
[SourceTitle "EXT 2022"]
[Source "ChessBase"]
[SourceDate "2021.10.06"]
[SourceVersion "1"]
[SourceVersionDate "2021.10.06"]
[SourceQuality "1"]

1. d4 Nf6 2. Nf3 e6 3. e3 b6 4. Bd3 Bb7 5. Nbd2 d5 6. 0-0 Bd6 7. b3 Nbd7 8. Bb2 c5 9. Ne5 Qc7 10. f4 0-0 11. Nxd7 Qxd7 12. Nf3 Ne4 13. Bxe4 dxe4 14. Ne5 Qc7 15. c3 Rfd8 16. Rc1 a5 17. a4 f6 18. Ng4 c4 19. Nxf6+ gxf6 20. Qg4+ Kf7 21. Qh5+ Kf8 22. bxc4 Ba6 23. c5 bxc5 24. c4 Qf7 25. Qh6+ Qg7 26. Qh3 Bc8 27. Qh4 Ke7 28. d5 Rh8 29. dxe6 Bb7 30. f5 h6 31. Rcd1 Rad8 32. Qe1 Bc7 33. Ba3 Bd6 34. Qxa5 Rhg8 35. Rd2 Rc8 36. Qb6 Bxh2+ 37. Kh1 Ke8 38. Qb5+ Bc6 39. Qxc5 Qc7 40. Rd7 Bd6 41. Rxc7 1-0

[Event "Hannover Bezirks op"]
[Site "Hannover"]
[Date "2017.05.03"]
[Round "6.7"]
[White "Zweigait, Leon"]
[Black "Kraeuter, Paavo Alexander"]
[Result "0-1"]
[WhiteElo "1474"]
[BlackElo "1689"]
[PlyCount "96"]
[EventDate "2017.01.21"]
[EventType "swiss"]
[EventRounds "7"]
[EventCountry "GER"]
[SourceTitle "EXT 2022"]
[Source "ChessBase"]
[SourceDate "2021.10.06"]
[SourceVersion "1"]
[SourceVersionDate "2021.10.06"]
[SourceQuality "1"]

1. c4 e5 2. g3 c6 3. Bg2 d5 4. Nc3 dxc4 5. Nf3 Bd6 6. Qa4 Be6 7. 0-0 Ne7 8. Ne1 0-0 9. Nc2 b5 10. Nxb5 cxb5 11. Qxb5 Bd7 12. Qxc4 Nbc6 13. e3 Rc8 14. Qe2 Be6 15. b3 Qd7 16. Bb2 f6 17. Rfd1 Nb4 18. Nxb4 Bxb4 19. d4 exd4 20. Rxd4 Bd6 21. Rad1 Nf5 22. Rxd6 Nxd6 23. Ba3 Qb5 24. Bf3 Qxe2 25. Bxe2 Ne4 26. Bxf8 Kxf8 27. Bd3 Rd8 28. Bc2 Rxd1+ 29. Bxd1 Nc3 30. Bc2 Nxa2 31. h4 h6 32. Kh2 Nb4 33. Bd1 Bf5 34. Be2 Bd3 35. Bg4 Ke7 36. f4 Bc2 37. Kg2 Bxb3 38. Kf2 a5 39. Ke1 Nc2+ 40. Kd2 a4 41. Kc3 Nxe3 42. Be2 Nf5 43. g4 Nxh4 44. f5 Ng2 45. Kb4 Ne3 46. Ka3 Kd6 47. Kb4 Bd1 48. Bb5 Nxg4 0-1

[Event "Hannover Bezirks op"]
[Site "Hannover"]
[Date "2017.01.21"]
[Round "1.14"]
[White "Piotrowski, Jan"]
[Black "Kraeuter, Paavo Alexander"]
[Result "0-1"]
[WhiteElo "1475"]
[BlackElo "1689"]
[PlyCount "88"]
[EventDate "2017.01.21"]
[EventType "swiss"]
[EventRounds "7"]
[EventCountry "GER"]
[SourceTitle "EXT 2022"]
[Source "ChessBase"]
[SourceDate "2021.10.06"]
[SourceVersion "1"]
[SourceVersionDate "2021.10.06"]
[SourceQuality "1"]

1. e4 e6 2. d4 d5 3. exd5 exd5 4. Nc3 Nf6 5. Nf3 Bd6 6. Bg5 c6 7. Bxf6 Qxf6 8. Bd3 0-0 9. 0-0 Bg4 10. Re1 Bxf3 11. Qxf3 Qxd4 12. Qe2 Nd7 13. Rad1 Qb6 14. Rb1 Nf6 15. Qf3 Rae8 16. Re2 Rxe2 17. Nxe2 Re8 18. b3 Ne4 19. Bxe4 Rxe4 20. Ng3 Bxg3 21. Qxg3 Qd8 22. Kf1 Qe8 23. f3 Re7 24. Re1 Rxe1+ 25. Qxe1 Qxe1+ 26. Kxe1 f5 27. Ke2 g5 28. g3 Kf7 29. Ke3 c5 30. c3 Ke6 31. a4 b6 32. b4 a5 33. b5 h6 34. f4 g4 35. Kd3 c4+ 36. Kd4 Kd6 37. Ke3 Kc5 38. Kd2 d4 39. Kc2 dxc3 40. Kxc3 Kd5 41. Kd2 Kd4 42. Kc2 c3 43. Kd1 Kd3 44. Kc1 c2 0-1

[Event "Daehne Cup Region 16/17 Vorrunde I +"]
[Site "Hannover"]
[Date "2016.11.02"]
[Round "4"]
[White "Freier, Werner"]
[Black "Kraeuter, Paavo Alexander"]
[Result "1-0"]
[WhiteElo "1861"]
[BlackElo "1696"]
[PlyCount "113"]
[EventDate "2016.10.??"]
[EventType "swiss"]
[EventCountry "GER"]
[SourceTitle "EXT 2022"]
[Source "ChessBase"]
[SourceDate "2021.10.06"]
[SourceVersion "1"]
[SourceVersionDate "2021.10.06"]
[SourceQuality "1"]

1. Nf3 Nf6 2. c4 e6 3. g3 d5 4. Bg2 dxc4 5. 0-0 Be7 6. Na3 0-0 7. Nxc4 Nbd7 8. Qc2 Rb8 9. Rd1 c6 10. a3 Nb6 11. d3 Ra8 12. b4 Nfd7 13. Bb2 Bf6 14. d4 Nxc4 15. Qxc4 Nb6 16. Qb3 Qd5 17. Rd3 Qxb3 18. Rxb3 Be7 19. Rc1 Rd8 20. b5 Bd7 21. Ne5 cxb5 22. Bxb7 Rab8 23. Bc6 a6 24. Bxd7 Nxd7 25. Nc6 Kf8 26. Nxb8 Rxb8 27. Rc6 Nb6 28. Bc3 Bd8 29. Ba5 Ke8 30. Bxb6 Bxb6 31. e3 Kd7 32. Rc2 Ba5 33. Kf1 Kd6 34. Ke2 f5 35. Rb1 Rb7 36. Rbc1 Rc7 37. Kd3 Rxc2 38. Rxc2 Kd7 39. f3 g5 40. g4 fxg4 41. fxg4 h6 42. h3 Bc7 43. a4 b4 44. Kc4 a5 45. e4 Kc6 46. d5+ exd5+ 47. exd5+ Kd7 48. Re2 Bd6 49. Re3 Kc7 50. Re6 Kd7 51. Rxh6 Bf4 52. h4 gxh4 53. Rxh4 Kd6 54. Rh5 Be5 55. Rh6+ Kd7 56. g5 Bf4 57. Rh7+ 1-0

[Event "Daehne Cup Region 15/16 VII Rest"]
[Site "Hannover"]
[Date "2016.07.14"]
[Round "3"]
[White "Kraeuter, Paavo Alexander"]
[Black "Krueger, Finn"]
[Result "1/2-1/2"]
[WhiteElo "1599"]
[BlackElo "1618"]
[PlyCount "102"]
[EventDate "2016.07.??"]
[EventType "swiss"]
[EventCountry "GER"]
[SourceTitle "EXT 2022"]
[Source "ChessBase"]
[SourceDate "2021.10.06"]
[SourceVersion "1"]
[SourceVersionDate "2021.10.06"]
[SourceQuality "1"]

1. d4 d5 2. c4 e5 3. dxe5 d4 4. Nf3 Nc6 5. a3 Nge7 6. b4 Ng6 7. Bb2 Ncxe5 8. Nxe5 Nxe5 9. e3 Bg4 10. Qxd4 Qxd4 11. Bxd4 Nc6 12. Bb2 0-0-0 13. Be2 Bf5 14. Nd2 f6 15. Nf3 Bc2 16. 0-0 Be7 17. Nd4 Nxd4 18. Bxd4 Rhe8 19. Rfc1 Be4 20. Ra2 Kb8 21. Rd1 g5 22. Rad2 Bg6 23. Bc3 h5 24. Rxd8+ Rxd8 25. Rxd8+ Bxd8 26. f3 c6 27. Kf2 a6 28. g3 Kc8 29. c5 Kd7 30. e4 Ke7 31. e5 fxe5 32. Bxe5 Ke6 33. f4 gxf4 34. gxf4 a5 35. Ke3 axb4 36. axb4 b6 37. Bd3 Bxd3 38. Kxd3 bxc5 39. bxc5 Kf5 40. Ke3 Ba5 41. Kf3 Be1 42. Bd6 Bd2 43. Kg3 Be1+ 44. Kf3 Bd2 45. Be5 Be1 46. Bd4 Bd2 47. Be3 Be1 48. Ke2 Bb4 49. Kd3 Be1 50. Ke2 Bb4 51. Kf3 Be1 1/2-1/2

[Event "Daehne Cup Region 15/16 V Rest"]
[Site "Bissendorf"]
[Date "2016.06.17"]
[Round "5"]
[White "Kraeuter, Paavo Alexander"]
[Black "Ulrich, Werner"]
[Result "0-1"]
[WhiteElo "1574"]
[BlackElo "1524"]
[PlyCount "72"]
[EventDate "2016.03.??"]
[EventType "swiss"]
[EventCountry "GER"]
[SourceTitle "EXT 2022"]
[Source "ChessBase"]
[SourceDate "2021.10.06"]
[SourceVersion "1"]
[SourceVersionDate "2021.10.06"]
[SourceQuality "1"]

1. d4 e6 2. c4 d5 3. Nf3 Nf6 4. Nc3 Be7 5. Bf4 0-0 6. Rc1 b6 7. cxd5 Nxd5 8. Bg3 Nxc3 9. bxc3 Bb7 10. e3 Nd7 11. Bd3 Nf6 12. 0-0 Rc8 13. Qe2 c5 14. e4 Nh5 15. Be5 g6 16. Rfd1 Bd6 17. Bb5 Bxe5 18. Nxe5 Nf6 19. dxc5 Qc7 20. Nd7 Nxd7 21. Rxd7 Qf4 22. Re1 Bc6 23. Bxc6 Rxc6 24. g3 Qe5 25. cxb6 axb6 26. Rb7 Qxc3 27. Rb1 Qa5 28. Rd1 Qa3 29. Rdd7 Rc1+ 30. Kg2 Rb1 31. Qd2 Qa6 32. Qf4 Qf1+ 33. Kf3 Rb2 34. Qe3 Qh1+ 35. Kg4 Qxh2 36. Qg5 Rxf2 0-1

[Event "Daehne Cup Region 15/16 V"]
[Site "Bissendorf"]
[Date "2016.04.01"]
[Round "2"]
[White "Krueger, Finn"]
[Black "Kraeuter, Paavo Alexander"]
[Result "0-1"]
[WhiteElo "1612"]
[BlackElo "1574"]
[PlyCount "52"]
[EventDate "2016.03.18"]
[EventType "k.o."]
[EventRounds "5"]
[EventCountry "GER"]
[SourceTitle "EXT 2022"]
[Source "ChessBase"]
[SourceDate "2021.10.06"]
[SourceVersion "1"]
[SourceVersionDate "2021.10.06"]
[SourceQuality "1"]

1. e4 d5 2. exd5 Nf6 3. d4 Qxd5 4. Nc3 Qd8 5. h3 e6 6. Nf3 Be7 7. Be3 0-0 8. g4 Nbd7 9. g5 Nd5 10. Nxd5 exd5 11. Qd2 Nb6 12. b3 Ba3 13. Rg1 Bf5 14. h4 Qe7 15. h5 Rac8 16. Bd3 Be4 17. Ne5 c5 18. Bxe4 dxe4 19. c3 Nd5 20. Nc4 cxd4 21. Bxd4 Rfd8 22. Nxa3 Qxa3 23. Qc1 Qa5 24. Rg3 Nb4 25. Kf1 Rxd4 26. Qe3 Nc2 0-1